000 00450nam a2200193Ia 4500
008 240510s9999 xx 000 0 und d
020 _a812032434X
041 _aEng
082 _a006.696
082 _bC31
100 _a(BY NIIT)
245 0 _aCHARACTER ANIMATION : AN OVERVIEW
260 _bPRENTICE HALL INDIA
260 _c2004
300 _a248 p.
650 _aCOMPUTER ANIMATION : COMPUTER GRAPHICS
942 _2ddc
942 _cRBK
999 _c28086
_d28086
945 _a1
_bMadushi Gamage
_c1
_dMadushi Gamage